|
|
|
|
| LEADER |
01712nam a2200433 a 4500 |
| 001 |
EBC1495668 |
| 003 |
MiAaPQ |
| 005 |
20200520144314.0 |
| 006 |
m o d | |
| 007 |
cr cn||||||||| |
| 008 |
080325s2008 txua sb 001 0 eng |
| 010 |
|
|
|z 2008013770
|
| 020 |
|
|
|z 1933762160 (alk. paper)
|
| 020 |
|
|
|z 9781933762166 (alk. paper)
|
| 035 |
|
|
|a (MiAaPQ)EBC1495668
|
| 035 |
|
|
|a (Au-PeEL)EBL1495668
|
| 035 |
|
|
|a (CaPaEBR)ebr10405218
|
| 035 |
|
|
|a (CaONFJC)MIL544719
|
| 035 |
|
|
|a (OCoLC)861559625
|
| 040 |
|
|
|a MiAaPQ
|c MiAaPQ
|d MiAaPQ
|
| 050 |
|
4 |
|a TD174
|b .C455 2008
|
| 082 |
0 |
4 |
|a 628.5
|2 22
|
| 100 |
1 |
|
|a Cheremisinoff, Nicholas P.
|
| 245 |
1 |
0 |
|a Responsible care
|h [electronic resource] :
|b a new strategy for pollution prevention and waste reduction through environmental management /
|c Nicholas P. Cheremisinoff, Paul Rosenfeld, and Anton R. Davletshin.
|
| 260 |
|
|
|a Houston, Tex. :
|b Gulf Pub. Co.,
|c c2008.
|
| 300 |
|
|
|a xii, 540 p. :
|b ill.
|
| 504 |
|
|
|a Includes bibliographical references and index.
|
| 533 |
|
|
|a Electronic reproduction. Ann Arbor, MI : ProQuest, 2015. Available via World Wide Web. Access may be limited to ProQuest affiliated libraries.
|
| 650 |
|
0 |
|a Pollution prevention.
|
| 650 |
|
0 |
|a Waste minimization.
|
| 650 |
|
0 |
|a Environmental responsibility.
|
| 650 |
|
0 |
|a Environmental management.
|
| 650 |
|
0 |
|a Social responsibility of business.
|
| 650 |
|
0 |
|a Environmental protection
|v Case studies.
|
| 655 |
|
4 |
|a Electronic books.
|
| 700 |
1 |
|
|a Rosenfeld, Paul E.
|q (Paul Edward),
|d 1969-
|
| 700 |
1 |
|
|a Davletshin, Anton R.
|
| 710 |
2 |
|
|a ProQuest (Firm)
|
| 856 |
4 |
0 |
|u https://ebookcentral.proquest.com/lib/matrademy/detail.action?docID=1495668
|z Click to View
|